000 00616nam a2200205 4500
001 139941
003 ES-MaACL
005 20250710062732.0
007 t|
008 070214s1957 fr r ||||1| fre d
100 1 _aSchmidt, Albert-Marie.
_9104462
245 1 3 _aLa Littérature symboliste
_b: (1870-1900) /
_cpar Albert-Marie Schmidt.
250 _a5e éd.
260 _aParis :
_b[s. n.],
_c1957 (
_fPresses Universitaires de France)
300 _a127 p. ;
_c18 cm.
490 1 _aQue sais-je? ;
_v82
830 0 0 _aQue sais-je?
_v82
_9180931
852 _aES-MaACL
_jC-15958
_bR.43410
999 _c139941
_d139941